Quiz sull'Arabia Saudita - Statistics

Statistiche generali
  • Questo quiz è stato fatto 543 volte
  • Il punteggio medio è 13 su 24
Statistiche sulle risposte
Hint Risposta % Corretto
Capitale Riad
93%
Lingua ufficiale Arabo
92%
Religione di stato Islam Sunnita
91%
Maggiore esportazione Petrolio
85%
Mari e golfi che bagnano il Paese Golfo {Persico}
80%
Ufficialmente la Costituzione è questo libro Corano
77%
Città santa dove morì Maometto Medina
75%
Città santa dove nacque Maometto La Mecca
74%
Mari e golfi che bagnano il Paese Mare {Rosso}
72%
Fino al 2017 per le donne era illegale Guidare
67%
Porto situato sulla costa occidentale Gedda
51%
Ciò che compare sulla bandiera sotto la scritta Spada
50%
Gruppo etnico nomade Beduino
45%
Animale più grande Dromedario
40%
Metodo di esecuzione più utilizzato Decapitazione
39%
Famiglia reale Al Saud
36%
Monarca salito al trono nel 2015 Salman
33%
Moneta {Riyal} saudita
29%
Precedente monarca Abdullah
25%
Ha perso la cittadinanza nel 1994 Osama bin Laden
25%
Branca fondamentalista di questa religione Wahhabismo
25%
Porto situato sulla costa orientale Dammam
24%
Mari e golfi che bagnano il Paese Golfo di {Aqaba}
21%
Maggiore azienda del Paese Saudi Aramco
20%
Nessun quiz corrispondente trovato
Distribuzione punteggi
Percentuale di utenti per punteggio
Percentile per numero di risposta
I tuoi punteggi nel tempo
Non hai fatto questo quiz